| 000 | 02935nam a22003137a 4500 | ||
|---|---|---|---|
| 003 | OSt | ||
| 005 | 20240526230255.0 | ||
| 008 | 240405b ||||| |||| 00| 0 eng d | ||
| 040 |
_bEnglish. _cCvSU-CCAT Campus Library. _erda. |
||
| 050 |
_aUM S 633 _bC67 2015 |
||
| 100 |
_aCordero, Jasper Ian A., author. _910354 |
||
| 245 |
_aMadre De Cacao (Gliricidiasepium) as an alternative fertilizer on eggplant / _cJasper Ian A. Cordero, Karla Izza Mae P. Erestain, and Dhanlyn Rose R. Perez. |
||
| 260 |
_aRosario, Cavite : _bCavite State University-CCAT Campus, _c2015. |
||
| 300 |
_avii, 41 leaves : _billustrations ; _c28 cm |
||
| 500 | _aUndergraduate Research Paper (LSHS) -- Cavite State University-CCAT Campus, 2015. | ||
| 504 | _aIncludes bibliographical references and appendices. | ||
| 520 | _aCORDERO, JASPER IAN A., ERESTAIN KARLA IZZA MAE P., AND PEREZ DHANLYN ROSE R., Madre de Cacao (Gliricidiasepium) as an alternative fertilizer on eggplants. Applied Research IV, Science Education Laboratory School, Cavite State University-Rosario Campus 2015, Adviser: Ms. Ruth Angeli L. Burton. The research study entitled, Madre de Cacao (Gliricidiasepium) as an alternative fertilizer on eggplants was undertaken at Cavite State University-Rosario Campus from October 2014 to February 2015. The study focused on the application of Madre de cacao as an alternative fertilizer to eggplant. This study determined the significant difference between commercial fertilizers and of Madre de cacao fertilizer on eggplant. The first treatment was without fertilizer To (normal) the researcher only used water in the plant. The two remaining treatments consisted of Urea fertilizer (T-1 tablespoon of commercialized urea fertilizer) and fermented Madre de cacao solution (T2- 50 ml of fermented Madre de cacao fertilizer). The application of fertilizer was done every other week within 12 weeks and the gathering of data was done every week. With the use of one way analysis of variance (ANOVA) method as the statistical treatment, the researchers found out that T2 (Madre De Cacao fertilizer) is neutrally effective when used on eggplant and compared to To (Normal), it is effective when compared to T. (Urea Based Fertilizer) in terms of the length of the stem, number of leaves and number of florescence. In terms of the physical appearance of the plant T2(Madre De Cacao fertilizer) is effective when compared to the other two treatments. | ||
| 546 | _aIn English text. | ||
| 650 |
_aFertilizer. _910355 |
||
| 650 |
_aCommercial fertilizer. _910356 |
||
| 650 |
_aMadre de Cacao. _910357 |
||
| 650 |
_aFermented fertilizer. _910358 |
||
| 650 |
_aANOVA. _910359 |
||
| 700 |
_aErestain, Karla Izza Mae P., author. _910360 |
||
| 700 |
_aPerez, Dhanlyn Rose R., author. _910361 |
||
| 700 |
_aBurton, Ruth Angeli L., adviser. _95675 |
||
| 942 |
_2lcc _cT/M/D _hS 633 C67 2015 _kUM |
||
| 999 |
_c2975 _d2975 |
||